Top Earning Deceased Quiz Stats

 Plays Quiz Updated Nov 12, 2018

     
Support Sporcle.
Go Orange.
Score 0/13 Timer 05:00
1 Play Today
Earned Person % Correct
52 MillionElvis Presley
82.5%
18 MillionAlbert Einstein
48.2%
9 MillionJohn Lennon
41.6%
6.5 MillionMarilyn Monroe
34%
20 MillionHeath Ledger
30.6%
33 MillionCharles M. Schulz
22.7%
15 MillionAaron Spelling
22.2%
5 MillionPaul Newman
19.4%
5 MillionJames Dean
19.1%
9 MillionAndy Warhol
13.4%
12 MillionDr. Seuss
8.2%
6 MillionSteve McQueen
3.4%
3.5 MillionMarvin Gaye
2.4%

From the Vault

16 Little 1-Word '80s Movie Pictograms

by bhenderson79

Movies 5m
It's actually 17 pictograms if you count the one in the picture here.
Remove Ads.
Support Sporcle.
Get the best of Sporcle when you Go Orange. This ad-free experience offers more features, more stats, and more fun while also helping to support Sporcle. Thank you for becoming a member.

Show Comments

Extras

Top Quizzes Today


Score Distribution

Your Account Isn't Verified!

In order to create a playlist on Sporcle, you need to verify the email address you used during registration. Go to your Sporcle Settings to finish the process.

Report this User

Report this user for behavior that violates our Community Guidelines.

Details: